banner-ar

ESSENTIALS OF MONEY, BANKING AND FINANCIAL MARKETS / (Record no. 13005)

MARC details
000 -الفاتح
حقل البيانات ثابتة الطول 00606nam a2200217Ia 4500
008 - عناصر البيانات ثابتة الطول - معلومات عامة
حقل البيانات ثابتة الطول 140319s9999 xx 000 0 eng d
040 ## - مصدر الفهرسة
وكالة الفهرسة الأصلية GCL /
وكالة النسخ GCL
082 04 - رقم تصنيف ديوى العشرى
رقم التصنيف 332,1
رقم المادة M E
100 1# - المدخل الرئيسى - إسم شخصى
الإسم الشخصى MILLER, ROGER LEROY
245 10 - بيان العنوان
العنوان ESSENTIALS OF MONEY, BANKING AND FINANCIAL MARKETS /
بيان المسئوليه,etc MILLER, ROGER LEROY
700 1# - المدخل الاضافى - اسم شخصى
الإسم الشخصى VAN HOOSE, DAVID
260 ## - PUBLICATION, DISTRIBUTION, ETC. (IMPRINT)
تاريخ النشر أو التوزيع 1996
300 ## - الوصف المادى
التعداد 498 P
650 04 - المدخل الاضافى بالموضوع-مصطلح موضوعى
مصطلح موضوعي MONEY
650 04 - المدخل الاضافى بالموضوع-مصطلح موضوعى
مصطلح موضوعي BANKS AND BANKING
650 04 - المدخل الاضافى بالموضوع-مصطلح موضوعى
مصطلح موضوعي FINANCIAL INSTITUTIONS
650 04 - المدخل الاضافى بالموضوع-مصطلح موضوعى
مصطلح موضوعي BANKS
650 04 - المدخل الاضافى بالموضوع-مصطلح موضوعى
مصطلح موضوعي MONETARY POLICY
942 ## - عناصر المدخل الإضافي( كوها)
مصدر التصنيف او مخطط الترفيف Dewey Decimal Classification
Koha [default] item type كتاب
260 ## - PUBLICATION, DISTRIBUTION, ETC. (IMPRINT)
-- [S.N] :
-- ADDISON - WESLEY PUBLISHING COMPANY ،
Holdings
حالة التراجع حالة الفقد حالة تلف ليس للاعارة المكان المؤقت الموقع الحالى تاريخ الاكتساب اجمالي اﻻعارات رقم الطلب الباركود تاريخ اخر مشاهدة تاريخ تفعيل السعر نوع وعاء كوها
        مكتبة القاهرة الكبرى مكتبة القاهرة الكبرى 03/26/2014   332,1\M E 25079 03/26/2014 03/26/2014 كتاب

Powered By

EGPV